| 000 | 00681nam a2200229Ia 4500 | ||
|---|---|---|---|
| 003 | GCL | ||
| 008 | 140319s9999 xx 000 0 ara d | ||
| 040 |
_aGCL / _cGCL |
||
| 082 | 0 | 4 |
_a541 _bم ع |
| 100 | 1 | _aيوسف صلاح الدين قطب | |
| 245 | 1 | 0 |
_aعجائب الكيمياء / _cيوسف صلاح الدين قطب |
| 700 | 1 | _aاحمد رياض | |
| 700 | 1 | _aمكدوجل , ا.ت | |
| 300 | _a216 ص | ||
| 490 |
_aالالف كتاب _v0 |
||
| 650 | 0 | 4 | _aالكيمياء |
| 650 | 0 | 4 | _aالعلوم عند العرب |
| 650 | 0 | 4 | _aالعناصر الكميائية |
| 650 | 0 | 4 | _aالكيمياء القديمة |
| 650 | 0 | 4 | _aالاحماض |
| 942 |
_2ddc _cBK |
||
| 999 |
_c45129 _d45129 |
||